Central-Library-PUMHS

Online Public Access Catalogue

Welcome to PUMHS Central Library Nawabshah, SBA

All-in-one nursing care planning resource medical-surgical, pediatric, maternity (Record no. 37807)

000 -LEADER
fixed length control field 00328nam a22001337a 4500
082 ## - DEWEY DECIMAL CLASSIFICATION NUMBER
Classification number 610.73 PAM
100 ## - MAIN ENTRY--AUTHOR NAME
Personal name Swearingen Pamela L.
245 ## - TITLE STATEMENT
Title All-in-one nursing care planning resource medical-surgical, pediatric, maternity
250 ## - EDITION STATEMENT
Edition statement 5th Edition
260 ## - PUBLICATION, DISTRIBUTION, ETC. (IMPRINT)
Year of publication 2019
300 ## - PHYSICAL DESCRIPTION
Number of Pages 806
650 ## - SUBJECT ADDED ENTRY--TOPICAL TERM
Topical Term Nurisng
942 ## - ADDED ENTRY ELEMENTS (KOHA)
Koha item type Books
Holdings
Withdrawn status Lost status Permanent Location Current Location Shelving location Date acquired Source of acquisition Cost, normal purchase price Full call number Accession Number Koha item type
    Central Library New Campus PUMHS Nawabshah,(SBA) Central Library New Campus PUMHS Nawabshah,(SBA) Nursing Library 2026-03-02 M/S New Noble Bill No: 101 NNB , Date: 05/06/2025 1488.00 610.73 PAM 41054 Ref Books

Copyright © 2018,The PUMHSW, Nawabshah, Shaheed Benazirabad. All rights reserved
Mr. Abdul Sattar Mahar (Chief Librarian) PUMHSW, Nawabshah, Sindh, Pakistan 67480.
Ph#: | 0244-9370425 Ext. 2241 Email| librarian@pumhs.edu.pk Web| http://www.pumhs.edu.pk
سنڌي ڪي بورڊ